00589nam a2200181 a 4500001001000000003000900010005001700019008004100036020001500077040002500092082002000117100003100137245006600168260003900234500006300273504004000336650003100376000015383DO-SdBNP20250623100424.0100208s2002 dr 001 0 spa d a9993423238 aDO-SdBNPbspacBNPHU a972.9305bG216n1 aGarcía Carrasco, Félix13aLa noche de treinta y un años /cFélix García Carrasco. aSanto Domingo :bMediabyte,c2002. aIncluye datos biográficos del autor en la contracubierta aIncluye bibliografía (p. 510-521) 4aHistoria modernaySiglo XX